International relations : (Record no. 184098)
[ view plain ]
| 000 -LEADER | |
|---|---|
| fixed length control field | 01068 a2200229 4500 |
| 003 - CONTROL NUMBER IDENTIFIER | |
| control field | NUST |
| 005 - DATE AND TIME OF LATEST TRANSACTION | |
| control field | 20221215162045.0 |
| 010 ## - LIBRARY OF CONGRESS CONTROL NUMBER | |
| LC control number | 97020932 |
| 020 ## - INTERNATIONAL STANDARD BOOK NUMBER | |
| International Standard Book Number | 0071157492 |
| 040 ## - CATALOGING SOURCE | |
| Transcribing agency | Nust |
| 082 00 - DEWEY DECIMAL CLASSIFICATION NUMBER | |
| Classification number | 327,HEN |
| 100 1# - MAIN ENTRY--PERSONAL NAME | |
| Personal name | Henderson, Conway W. |
| 9 (RLIN) | 105015 |
| 245 10 - TITLE STATEMENT | |
| Title | International relations : |
| Remainder of title | conflict and cooperation at the turn of the 21st century / |
| Statement of responsibility, etc. | Conway W. Henderson. |
| 260 ## - PUBLICATION, DISTRIBUTION, ETC. | |
| Place of publication, distribution, etc. | Boston : |
| Name of publisher, distributor, etc. | McGraw Hill, |
| Date of publication, distribution, etc. | c1998. |
| 300 ## - PHYSICAL DESCRIPTION | |
| Extent | xvi, 520 p. : |
| Other physical details | ill., maps (some col.) ; |
| Dimensions | 24 cm. |
| 505 ## - FORMATTED CONTENTS NOTE | |
| Formatted contents note | Part-1: Understanding International Relations (Page-1), Part-2: The Instruments of International Relations (Page-97), Part-3:The Struggle for World Order (Page-309), Part-4: Sharing a Planet and planetary Experience (Page-427), Part-5: Conclusions (Page-491). |
| 650 #0 - SUBJECT ADDED ENTRY--TOPICAL TERM | |
| Topical term or geographic name entry element | International cooperation. |
| 9 (RLIN) | 12487 |
| 650 #0 - SUBJECT ADDED ENTRY--TOPICAL TERM | |
| Topical term or geographic name entry element | International relations. |
| 856 42 - ELECTRONIC LOCATION AND ACCESS | |
| Materials specified | Publisher description |
| Uniform Resource Identifier | <a href="http://www.loc.gov/catdir/description/mh023/97020932.html">http://www.loc.gov/catdir/description/mh023/97020932.html</a> |
| 856 42 - ELECTRONIC LOCATION AND ACCESS | |
| Materials specified | Table of contents |
| Uniform Resource Identifier | <a href="http://www.loc.gov/catdir/toc/mh022/97020932.html">http://www.loc.gov/catdir/toc/mh022/97020932.html</a> |
| 942 ## - ADDED ENTRY ELEMENTS (KOHA) | |
| Source of classification or shelving scheme | |
| Koha item type | Book |
| Call number prefix | 327,HEN |
| Withdrawn status | Lost status | Source of classification or shelving scheme | Damaged status | Not for loan | Permanent Location | Current Location | Shelving location | Date acquired | Full call number | Barcode | Date last seen | Price effective from | Koha item type | Public note |
|---|---|---|---|---|---|---|---|---|---|---|---|---|---|---|
| Military College of Signals (MCS) | Military College of Signals (MCS) | General Stacks | 12/12/2016 | 327,HEN | MCS27310 | 12/08/2016 | 12/12/2016 | Book | Almirah No.49, Shelf No.6 |
